| 000 | 01510cam a2200241 4500 | ||
|---|---|---|---|
| 001 | ABS66697 | ||
| 008 | 030520n2003 000 0 eng u | ||
| 035 | _a(Sirsi) u122331 | ||
| 100 | _aWelsh, L. | ||
| 245 | _aEnvironmental protection: environmental impact assessment | ||
| 260 | _c2003 | ||
| 490 |
_aScottish Planning and Environmental Law _v(96) April 2003, 35-37(3) |
||
| 520 | _aFocus on Environmental Impact Assessment (EIA). Outlines the history and legal framework of EIA, highlighting EU directives 85/337/EEC and 97/11/EC and Scottish legislation and guidance such as Circular 15/1999 and PAN 58. Explains the two-stage process for EIA which requires a decision on whether EIA is needed and if it is, what should be covered in the environmental statement. Examines the EIA procedure in more detail with reference to "R v Bromley LBC and another ex p Barker" (WB3747-25) "Berkeley v SoS Environment and others" (X110857) also discusses case law relating to the 'screening opinion' and the 'scoping opinion'. Concludes with an update of the latest EIA advice in England and Europe. Flow chart to establish whether a proposed development requires EIA. | ||
| 590 | _aABS | ||
| 650 | _aENVIRONMENTAL IMPACT ASSESSMENTS | ||
| 650 | _aR V BROMLEY LBC AND ANOTHER EX P BARKER | ||
| 650 | _aBERKELEY V SOS ENVIRONMENT AND OTHERS | ||
| 650 | _aSUSTAINABLE DEVELOPMENT | ||
| 650 | _aENVIRONMENTAL STATEMENTS | ||
| 650 | _aSCOTLAND | ||
| 690 | _aENVIRONMENTAL AND LAND CONSULTANCY | ||
| 942 | _n0 | ||
| 999 |
_c72698 _d72698 |
||